LEADER 01492nam0-22004811i-450 001 990000514120403321 005 20220916161442.0 010 $a0-07-100870-5 035 $a000051412 035 $aFED01000051412 035 $a(Aleph)000051412FED01 035 $a000051412 100 $a20020821d1991----km-y0itay50------ba 101 0 $aeng 105 $aa-------001yy 200 1 $aProbability, random variables, and stochastic processes$fAthanasios Papoulis 205 $a3rd ed. 210 $aNew York$cMcGraw-Hill$d1991 215 $axvii, 666 p.$cill.$d23 cm 225 1 $aMcGraw-Hill series in electrical engineering$iCommunications and signal processing 610 0 $aProbabilitą - Processi stocastici 610 0 $aStatistica 676 $a519.2 700 1$aPapoulis,$bAthanasios$f<1921-2002>$01556 801 0$aIT$bUNINA$gRICA$2UNIMARC 901 $aBK 912 $a990000514120403321 952 $a13 01 17$b10256$fFINBC 952 $a23 01 B 04$b71/Pr.$fFINAG 952 $a23 01 B 03$b72/Pr.$fFINAG 952 $a04 030-27$bDIC 1310$fDINCH 952 $a10 B II 518/A$bL/18 DE$fDINEL 952 $a10 E II 486$bL/9 DE$fDINEL 952 $a10 B II 518$b1416 DE$fDINEL 952 $a10 B II 518/B$b1342 DE$fDINEL 952 $a18-069.002$bD.S.F. 6056$fFI1 959 $aDINEL 959 $aDINCH 959 $aFINBC 959 $aFINAG 959 $aFI1 996 $aProbability, random variables and stochastic processes$931506 997 $aUNINA LEADER 01069nam a2200289 i 4500 001 991000964539707536 005 20020507104507.0 008 960428s1966 us ||| | eng 035 $ab10154553-39ule_inst 035 $aLE00639869$9ExL 040 $aDip.to Fisica$bita 084 $a510.30 084 $a517.8 084 $aQA331 100 1 $aCarrier, George F.$013633 245 10$aFunctions of a complex variable :$btheory and technique /$cG. Carrier, M. Krook, C. Pearson 260 $aNew York :$bMcGraw-Hill Book Co.,$c1966 300 $aix, 438 p. :$bill. ;$c23 cm. 650 4$aFunctions of complex variables 700 1 $aKrook, M. 700 1 $aPearson, C.$eauthor$4http://id.loc.gov/vocabulary/relators/aut$0733171 907 $a.b10154553$b21-09-06$c27-06-02 912 $a991000964539707536 945 $aLE006 510.30+510.31 CAR$g1$i2006000020794$lle006$o-$pE0.00$q-$rl$s- $t0$u1$v0$w1$x0$y.i10186864$z27-06-02 996 $aFunctions of a complex variable$91444839 997 $aUNISALENTO 998 $ale006$b01-01-96$cm$da $e-$feng$gus $h0$i1 LEADER 04308nam 2200613 450 001 9910823262803321 005 20230807212104.0 010 $a0-19-933889-2 010 $a0-19-069027-5 010 $a0-19-933888-4 035 $a(CKB)3710000000267984 035 $a(OCoLC)894227068 035 $a(CaPaEBR)ebrary10962232 035 $a(SSID)ssj0001369272 035 $a(PQKBManifestationID)12576316 035 $a(PQKBTitleCode)TC0001369272 035 $a(PQKBWorkID)11289139 035 $a(PQKB)11017909 035 $a(MiAaPQ)EBC1826367 035 $a(Au-PeEL)EBL1826367 035 $a(CaPaEBR)ebr10962232 035 $a(CaONFJC)MIL654314 035 $a(OCoLC)894631052 035 $a(EXLCZ)993710000000267984 100 $a20140715h20152015 uy| 0 101 0 $aeng 135 $aurcnu|||||||| 181 $ctxt 182 $cc 183 $acr 200 10$aAha! $ethe moments of insight that shape our world /$fWilliam B. Irvine 210 1$aOxford ;$aNew York :$cOxford University Press,$d[2015] 210 4$d©2015 215 $a1 online resource (377 p.) 300 $aBibliographic Level Mode of Issuance: Monograph 311 $a1-322-23034-X 311 $a0-19-933887-6 320 $aIncludes bibliographical references and index. 327 $aMachine generated contents note: -- Introduction -- Part I: Religion -- Chapter 1: Seeing the Light -- Chapter 2: Vision or Hallucination? -- Chapter 3: Other People's Visions -- Part 2: The Aha Moment in Morality -- Chapter 4: The Two Kinds of Moral Epiphany -- Chapter 5: Moral Feelings -- Chapter 6: The Problem with Moral Reformers -- Part 3: The Aha Moment in Science -- Chapter 7: The Joy of Discovery -- Chapter 8: Gaining Insights -- Chapter 9: Dealing with Rejection -- Part 4: The Aha Moment in Mathematics -- Chapter 10: Moments of Pure Insight -- Chapter 11: The Magic of Incubation -- Chapter 12: The After-Math -- Part 5: The Aha Moment in the Arts -- Chapter 13: Lots of Little Ahas -- Chapter 14: On Managing One's Muse -- Chapter 15: But Is It Art? -- Conclusion. 330 $a"Why do "aha moments" strike us suddenly? Why do they so often come to us when we are focused on something completely unrelated? And when great ideas "come to" us, where do they come from? In Aha!: The Moments of Insight that Shape Our World, philosopher William B. Irvine explores these epiphanies, from the minor insights that strike us all daily, to the major realizations that alter the course of history. Focusing on aha moments as they take place in five different domains--religion, morality, science, math, and art--Irvine provides case studies that shed light on the different ways epiphanies happen in the different domains, and on their differing social impact. Along the way, he describes some of the great aha moments in history, from ancient times to the present day. We like to think that our greatest thoughts are the product of our conscious mind. Irvine demonstrates, though, that it is our unconscious mind that is the source of our most significant insights, and that the role the conscious mind plays in eliciting these insights is to try, unsuccessfully, to solve certain problems. Only if the conscious mind is willing to do this--and thereby experience considerable frustration--is the unconscious mind likely to reward it with a breakthrough insight--that the conscious mind will then take credit for. Irvine explores not only the neuroscience of aha moments but also their personal and social ramifications. How does a person respond to having a breakthrough insight that goes against a dominant paradigm? And how does the world respond when she shares that insight? He shows that in many cases, what is most remarkable about those who have had the great insights of human history is not their but their courage and perseverance in fighting for the world to accept them"--$cProvided by publisher. 606 $aInsight 606 $aEpiphanies 615 0$aInsight. 615 0$aEpiphanies. 676 $a153.4 686 $aPHI000000$aPHI009000$2bisacsh 700 $aIrvine$b William Braxton$f1952-$0202256 801 0$bMiAaPQ 801 1$bMiAaPQ 801 2$bMiAaPQ 906 $aBOOK 912 $a9910823262803321 996 $aAha$94061356 997 $aUNINA